| 000 | 00817cam a22002411 4500 | ||
|---|---|---|---|
| 001 | sa 68000835 | ||
| 003 | DLC | ||
| 005 | 20260227112427.0 | ||
| 008 | 881102s1966 ii a b 000 0 hin | ||
| 010 | _asa 68000835 | ||
| 035 | _a(OCoLC)23550596 | ||
| 040 |
_aDLC _cMiU _dNRU _dDLC |
||
| 042 | _apremarc | ||
| 050 | 0 | 0 |
_aPK2057 _b.K34 |
| 245 | 0 | 0 |
_aKavindra-candrikā; _bKavindrācārya Sarasvatī Hindī abhinandana grantha. _cSampādaka Kr̥shṇa Divākara. |
| 250 | _a[1. saṃskaraṇa] | ||
| 260 |
_aPuṇe, _bMahārāshṭra Rāshṭrabhāshā Sabhā _c[1966] |
||
| 300 |
_a1 v. (various pagings) _billus. _c23 cm. |
||
| 504 | _aBibliographical footnotes. | ||
| 650 | 0 | _aHindi poetry. | |
| 600 | 0 | 0 |
_aKavīndrācārya, _dapproximately 1600-approximately 1675. |
| 700 | 1 |
_aDivākara, Kr̥shṇa, _d1902-1973. |
|
| 999 |
_c77489 _d77489 |
||